Générique Mona le vampire - Paroles - Statistiques

Statistiques générales
  • Ce quiz a été pris 23 fois
  • Le résultat moyen est 17 sur 24
Statistiques - réponses
Paroles % Correct
C'est {Mona} !
100%
Tout le monde compte sur {toi}
95%
C'est {Mona}
90%
Oui, sur {toi}
90%
Et ses {amis}
86%
Mona le {vampire}
86%
Oui {Mona}
86%
Oui {Mona}
86%
Qui adore jouer dans le {noir}
81%
Y'a pas pire qu'un {vampire}
81%
Avec son {chat}
76%
Faut pas rire, on y {croit}
76%
Y'a {Mona}
76%
Rien ne l'{effraie}
71%
Elle vit les pires {histoires}
67%
Avec des monstres {bizarres}
62%
Pas de {panique}
62%
Avec Princesse et {Zappeur}
57%
Mets ta cape et prend ton {chat}
57%
Elle nous fait un vrai {malheur}
52%
Tous à l'{attaque}
52%
Et tous les {fantômes} crient
38%
Les {zombies} sont ici
38%
Une fille pas {froussarde}
38%
Aucun quiz correspondant
Distribution des résultats
% des personnes avec chaque résultat
Percentile par nombre de réponses
Votre historique - résultats
Vous n’avez pas pris ce quiz